01924nam a22002297a 450000500170000000800410001702000180005804000070007604100120008308200220009510000220011724500290013926000390016830000280020736500530023552012910028865000200157965000270159965000230162665000220164970000230167120241213123835.0241213b ||||| |||| 00| 0 eng d a9789359599878 cAL aEnglish 223a032.02 bMANO aMalayala Manorama aManorama Year Book 2025 aKottayam bMalayala Manoramac2024 a1007 pbPBc20x12.5 cm. a5487b₹280.00c₹d₹350.00e20%f10-12-2024 aManorama Yearbook in its 60Manorama yearbook 2025 consists of an article by Droupadi Murmu, the President of India, exclusively for the readers of the Yearbook. There are also articles by Union Minister Rajnath Singh and Isro Chairman Somanath. The Yearbook also carries over 25 articles by experts on a wide variety of topics. Here is a broad outline of the contents of English Yearbook 2025 · A Detailed Comparison of Indian States. · Artificial Intelligence and the Future. · Article by Jayanti Ghose on Massive Open Online Courses. · Article by Dr. Muralee Thummarukudy & Neerja Janaki on Foreign Scholarships for Indian. Students · Cold War 2.0 : Th New Global Tensions by Professor M D Nalapat. · Geopolitical Conflcts Around the World and their Ramifiations: Pranab N Desai. · New Criminal Laws: Old Wine in New Bottle by Apoorv Agarwal. · A Gist of Economic Survey of India. · Quiztival 2025 : A quiz on 100 topics featuring 1000 questions. · Sections on Science and Medicine, Information Technology, Geography and Space, Indian History, Indian Economy, Art, Cultur and Cinema, and Gender and Social Justice, World Panorama. · International Relations and General Knowledge. · Major Books of 2024. · Who’s Who of Eminent Personalities from important walks of life. aIndia and World aGovernment Initiatives aCalendar of Events aGeneral Knowledge aMATHEW (Mammen) Ed